Communal violence and minorities: Gujarat society in ferment (Record no. 406017)

000 -LEADER
fixed length control field 00504cam a22001697a 4500
008 - FIXED-LENGTH DATA ELEMENTS--GENERAL INFORMATION
fixed length control field 180718b2006 xxu||||| |||| 00| 0 eng d
020 ## - INTERNATIONAL STANDARD BOOK NUMBER
International Standard Book Number 8131600173
082 ## - DEWEY DECIMAL CLASSIFICATION NUMBER
Classification number B1243x54 L786
245 ## - TITLE STATEMENT
Title Communal violence and minorities: Gujarat society in ferment
Statement of responsibility, etc. edited by Lancy Lobo and Biswaroop Das
260 ## - PUBLICATION, DISTRIBUTION, ETC.
Place of publication, distribution, etc. Jaipur
Name of publisher, distributor, etc. Rawat
Date of publication, distribution, etc. 2006
300 ## - PHYSICAL DESCRIPTION
Extent 228p.
650 ## - SUBJECT ADDED ENTRY--TOPICAL TERM
Topical term or geographic name entry element Violence - India
650 ## - SUBJECT ADDED ENTRY--TOPICAL TERM
Topical term or geographic name entry element Secularism - India
650 ## - SUBJECT ADDED ENTRY--TOPICAL TERM
Topical term or geographic name entry element Communalism - India
700 ## - ADDED ENTRY--PERSONAL NAME
Personal name Das, Biswaroop
700 ## - ADDED ENTRY--PERSONAL NAME
Personal name Lobo, Lancy
Holdings
Withdrawn status Lost status Damaged status Not for loan Permanent Location Current Location Date acquired Full call number Barcode Date last seen Price effective from Koha item type
        Indian Institute of Public Administration Indian Institute of Public Administration 2006-10-05 B1243x54 L786 81340 2018-07-21 2018-07-21 Book

Powered by Koha